Library Logo

دیوان دعبل بن علی الخزاعی / (Record no. 243179)

000 -LEADER
fixed length control field 00582nam a22001697a 4500
003 - CONTROL NUMBER IDENTIFIER
control field BD-DhUL
005 - DATE AND TIME OF LATEST TRANSACTION
control field 20180816115059.0
008 - FIXED-LENGTH DATA ELEMENTS--GENERAL INFORMATION
fixed length control field 180816s1989 le ||||| |||| 00| 0 ara d
040 ## - CATALOGING SOURCE
Original cataloging agency BD-DhUL
Transcribing agency BD-DhUL
082 ## - DEWEY DECIMAL CLASSIFICATION NUMBER
Classification number 892.71
Item number DUD
100 1# - MAIN ENTRY--PERSONAL NAME
Personal name الدجیلی، عبد الصاحب عمران
245 1# - TITLE STATEMENT
Title دیوان دعبل بن علی الخزاعی /
Statement of responsibility, etc. عبد الصاحب عمران الدجیلی
Remainder of title
260 ## - PUBLICATION, DISTRIBUTION, ETC. (IMPRINT)
Place of publication, distribution, etc. بيروت :
Name of publisher, distributor, etc. دار الکتا اللبنا نی،
Date of publication, distribution, etc. ۱۹۸۹۔
300 ## - PHYSICAL DESCRIPTION
Extent ص۔ ۴۲۸ ؛
Dimensions ۲۳ سم۔
650 #4 - SUBJECT ADDED ENTRY--TOPICAL TERM
Topical term or geographic name as entry element Arabic poetry
942 ## - ADDED ENTRY ELEMENTS (KOHA)
Source of classification or shelving scheme
Koha item type Books
Holdings
Price effective from Date last seen Permanent Location Not for loan Date acquired Source of classification or shelving scheme Koha item type Lost status Withdrawn status Copy number Source of acquisition Collection code Damaged status Shelving location Barcode Current Location Full call number
2018-08-162018-08-16Dhaka University Library 2018-08-16 Books  1purchasedNon Fiction General Stacks333087Dhaka University Library892.71 DUD
Last Updated on September 15, 2019
© Dhaka University Library. All Rights Reserved|Staff Login